| 000 | 00614nam a22001817a 4500 | ||
|---|---|---|---|
| 999 |
_c12845 _d12845 |
||
| 008 | 251003b 2022 ||||| |||| 00| 0 eng d | ||
| 020 | _a9783030992156 | ||
| 082 |
_a531.38 _bUSU |
||
| 100 | _aUsubamatov, Ryspek | ||
| 245 | _aTheory of gyroscopic effects for rotating objects : gyroscopic effects and applications | ||
| 250 | _a2nd ed. | ||
| 260 |
_aSwitzerland _bSpringer _c2022 |
||
| 300 | _axviii, 291pgs. | ||
| 650 | _aGyroscopic Effects in Engineering | ||
| 650 | _aAcceleration Analysis of Rotating Objects | ||
| 650 | _aInertial Forces and Tprques Acting on Simple Spinning Objects | ||
| 942 | _cBK | ||